Asian Countries by Dictator - Map Quiz - Statistics

General Stats
  • This quiz has been taken 115 times
  • The average score is 17 of 29
Answers on the Map
Answers color-coded by a green-red scale on the quiz's map according to % correct below.
 
Answer Stats
Answer % Correct
Saddam Hussein
88%
Kim Il-sung
86%
Mao Zedong
86%
Pol Pot
85%
Ho Chi Minh
84%
Hideki Tojo
82%
Bashar al-Assad
80%
Mustafa Kemal Atatürk
78%
Ferdinand Marcos
77%
Suharto
76%
Ruhollah Khomeini
73%
Park Chung-hee
72%
Nursultan Nazarbayev
65%
Chiang Ching-kuo
64%
Lee Kuan Yew
57%
Plaek Phibunsongkhram
55%
Pervez Musharraf
54%
Salman bin Abdulaziz
53%
Than Shwe
47%
Ali Abdullah Saleh
39%
Saparmurat Niyazov
38%
Ilham Aliyev
36%
Islam Karimov
36%
Mohammad Najibullah
36%
Yumjaagiin Tsedenbal
35%
Gyanendra
34%
Ziaur Rahman
34%
Emomali Rahmon
22%
Hassanal Bolkiah
19%
No matching quizzes found
Score Distribution
Percent of People with Each Score
Percentile by Number Answered
Your Score History
You have not taken this quiz